| 000 | 01112nam a2200301 4500 | ||
|---|---|---|---|
| 001 | 0000020172 | ||
| 003 | CO-CtgCURN | ||
| 005 | 20250429224005.0 | ||
| 007 | ta | ||
| 008 | 160627s2002 000 0 eng d | ||
| 020 | _a9580469075 | ||
| 040 |
_aCO-CtgCURN _bspa _ccoctgcurn |
||
| 082 | 0 |
_a370.1 _bK45c |
|
| 100 | 1 | _aKindlon, Dan. | |
| 245 | 1 | 0 |
_aCuidados con los niños consentidos : _bcomo fortalecer el caracter en una era permisiva / _cDan Kindlon , traducción de María Mercedes Correa. |
| 260 |
_aBogotá : _bNorma, _c2002. |
||
| 300 | _a273 p. | ||
| 336 | _2rdacontent | ||
| 337 |
_2rdamedia _asin mediacion _bn |
||
| 338 |
_2rdacarrier _avolumen _bnc |
||
| 500 | _aTitulo original: Too much of a good thing : raising children of character in an indulgent age. | ||
| 505 | 8 | _aLa era de la indulgencia.--Siete sindromes fatales.--La crianza en la era de la Indulgencia | |
| 650 | 1 | 4 | _aPsicología infantil. |
| 700 | 1 |
_aCorrea, María Mercedes, _eTraductor. |
|
| 908 | _a160627 | ||
| 942 |
_cBK _h370.1 _iK45c _2ddc |
||
| 999 |
_c34497 _d34497 |
||